000 00515nam a2200193Ia 4500
005 20250326140350.0
008 250326s9999 xx 000 0 und d
020 _a81-7496-387-1
037 _aTextbook
040 _aFMSL
_beng
_cFMSL
041 _aeng
_2eng
084 _aX:9:(Z) P2
_qFMSL
100 _aTAXMANN'S
245 0 _aLabour Laws
_cTAXMANN'S
260 _aNew Delhi
_bNew Delhi, Taxmann Allied Services(
_c2002
300 _av..
942 _cTB
_hX:9:(Z) P2
999 _c1285446
_d1285446